000 00513nam a22001217a 4500
040 _cRUA
082 _aA112 ប្រាជ្ញ 2015​ C160 Or.1
100 _aប្រាជ្ញ វិជ័យ,ឌុយ ដាវុយ, រស់ សុខលៀង, រស់ សុខ ឡាង
245 _a១០០រឿងដែលគួរយល់ដឹងពីប្រទេសប្រ៊ុយណេ
260 _aPHNOM PENH
_bRUA
_c2015
300 _a178p.
_bill.
_c22cm.
942 _cអភិវឌ្ឍន៍
999 _c25670
_d25670